| 000 | 00564cam a2200181 a 4500 | ||
|---|---|---|---|
| 001 | 12549503 | ||
| 005 | 20250123004811.0 | ||
| 008 | 010620s2001 ce b 000 0beng | ||
| 020 | _a9559102346 | ||
| 040 |
_aDLC _cDLC _dDLC |
||
| 082 |
_222 _a920 _bCHA |
||
| 100 | 1 | _aErvin, Charles Wesley. | |
| 245 | 1 | 0 |
_aPhilip Gunawardena : _bthe making of a revolutionary / _cCharles Wesley Ervin ; [with an introduction by Hector Abhayavardhana]. |
| 260 |
_aColombo : _bSocial Scientists' Association, _c2001. |
||
| 300 | _aiv, 35 p. ; | ||
| 650 | 0 | _aPoliticians | |
| 942 | _cL | ||
| 999 |
_c5957 _d5957 |
||